[Event "Edmonton Schleinich Memorial"]
[Site "Edmonton"]
[Date "2010.01.09"]
[Round "3"]
[White "Karmali, Hafiz"]
[Black "Wojtas, Artur"]
[Result "0-1"]
[WhiteElo "2086"]
[BlackElo "1888"]
[PlyCount "58"]
[EventDate "2010.01.08"]
[EventType "swiss"]
[EventRounds "5"]
[EventCountry "CAN"]
[SourceTitle "EXT 2011"]
[Source "ChessBase"]
[SourceDate "2010.11.26"]
[SourceVersion "1"]
[SourceVersionDate "2010.11.26"]
[SourceQuality "1"]

1. e4 c5 2. Nc3 d6 3. g3 g6 4. Bg2 Bg7 5. Nge2 Nc6 6. 0-0 Nf6 7. d3 0-0 8. f4 Bg4 9. h3 Bxe2 10. Nxe2 Nd7 11. c3 Rb8 12. Be3 e6 13. Qd2 Ne7 14. g4 f5 15. Ng3 b5 16. d4 Nb6 17. dxc5 Nc4 18. Qe2 Nxe3 19. Qxe3 d5 20. Rad1 b4 21. exf5 exf5 22. Bxd5+ Nxd5 23. Qe6+ Kh8 24. Rxd5 Qh4 25. Kg2 bxc3 26. b3 Rfe8 27. Qa6 fxg4 28. hxg4 Qxg4 29. Qc4 Re3 0-1